La qualité des produits alimentaires: Politique, incitations, gestion et contrôle

Enregistré dans:
Détails bibliographiques
Auteur principal: J. L. Multon
Format: Livre
Langue:Undetermined
Publié: Paris Technique & Documentation - Lavoisier 1994
Sujets:
Tags: Ajouter un tag
Pas de tags, Soyez le premier à ajouter un tag!
Thư viện lưu trữ: Trung tâm Học liệu Trường Đại học Cần Thơ
LEADER 00578nam a2200181Ia 4500
001 CTU_56418
008 210402s9999 xx 000 0 und d
082 |a 658.5 
082 |b M954 
100 |a J. L. Multon 
245 0 |a La qualité des produits alimentaires: Politique, incitations, gestion et contrôle 
245 0 |c J. L. Multon 
260 |a Paris 
260 |b Technique & Documentation - Lavoisier 
260 |c 1994 
650 |a production management,agricultural processing 
650 |x quality control 
980 |a Trung tâm Học liệu Trường Đại học Cần Thơ